Wertvollste Fußballer der Bundesliga - Statistiken

Allgemein
  • Dieses Quiz wurde 202 mal gespielt
    17 seit der letzten Aktualisierung
  • Das Durchschnittsergebnis liegt bei 12 aus 20
Antwortstatistiken
Platz Marktwert in Millionen Fußballer % Korrekt
3 75 Harry Kane
100%
1 140 Jamal Musiala
100%
16 40 Nico Schlotterbeck
100%
8 50 Dayot Upamecano
92%
11 45 Joshua Kimmich
92%
2 100 Michael Olise
92%
15 40 Min-Jae Kim
92%
4 70 Luis Díaz
75%
5 55 Aleksandar Pavlovic
67%
6 50 Alphonso Davies
67%
19 40 Gregor Kobel
67%
12 45 Serhou Guirassy
67%
10 45 Karim Adeyemi
58%
9 45 Angelo Stiller
42%
20 35 Edmond Tapsoba
25%
7 50 Nicolas Jackson
25%
17 40 Victor Boniface
25%
18 40 Castello Lukeba
17%
14 40 Exequiel Palacios
8%
13 40 Hugo Larsson
8%
Keine übereinstimmenden Quizze gefunden
Verteilung der Resultate
Anzahl Personen mit jedem Resultat
Perzentil nach korrekt beantworteten Fragen
Ihre Resultats-Entwicklung
Sie haben dieses Quiz seit der letzten Aktualisierung nicht gespielt